Najlepsi strzelcy w historii piłki nożnej - Statystyki

Ogólne statystyki
  • Ten quiz został rozwiązany 113 razy
    99 od ostatniego zresetowania
  • Średni wynik to 4 z 10
Statystyki odpowiedzi
Hint Odpowiedź % Poprawnych
1 Cristiano Ronaldo
91%
5 Pelé
91%
2 Lionel Messi
85%
8 Robert Lewandowski
72%
10 Ferenc Puskás
38%
9 Gerd Müller
26%
6 Romário
26%
4 Josef Bican
17%
7 Alf Quill
1%
3 Erwin Helmchen
1%
Nie znaleziono quizów pasujących do podanych kryteriów
Rozkład punktacji
Procent ludzi z każdym wynikiem
Percentyl według liczby udzielonych odpowiedzi
Twoja historia wyników
Nie rozwiązałeś tego quizu od ostatniego zresetowania